Everyday life in the Muslim Middle East
Αποθηκεύτηκε σε:
| Άλλοι συγγραφείς: | , |
|---|---|
| Μορφή: | Βιβλίο |
| Γλώσσα: | English |
| Δημοσίευση: |
Bloomington :
Indiana University Press,
1992
|
| Σειρά: | Indiana series in Arab and Islamic studies
|
| Θέματα: | |
| Ετικέτες: |
Προσθήκη ετικέτας
Δεν υπάρχουν, Καταχωρήστε ετικέτα πρώτοι!
|
MARC
| LEADER | 00000nam a2200000 i 4500 | ||
|---|---|---|---|
| 001 | 1/96768 | ||
| 008 | 941207s1992 eng d | ||
| 020 | |a 0-253-31253-1 | ||
| 035 | |l 10010307 | ||
| 040 | |a GR-MY-UA |b gre |e aacr | ||
| 041 | 0 | |a eng | |
| 082 | 0 | |a 909.04927 | |
| 245 | 1 | 0 | |a Everyday life in the Muslim Middle East / |c Edited by Donna Lee Bowen and Evelyn A. Early |
| 260 | |a Bloomington : |b Indiana University Press, |c 1992 | ||
| 300 | |a 327 p. | ||
| 490 | 1 | |a Indiana series in Arab and Islamic studies | |
| 504 | |a Includes bibliographical references and index. | ||
| 651 | 0 | |a Middle East |x Social life and customs. | |
| 651 | 0 | |a Africa, North |x Social life and customs. | |
| 700 | 1 | |a Bowen, Donna Lee |d 1947- |4 edt | |
| 700 | 1 | |a Early, Evelyn A. |4 edt | |
| 830 | 0 | |a Indiana series in Arab and Islamic studies | |
| 852 | |a INST |b LESVOS |e 19941207 |h 909.04927 EVE |p 005100003256 |q 005100003256 |t BK |y 0 | ||
| 909 | |a Λ |b 037024 | ||